<?xml version="1.0" encoding="UTF-8"?>
<collection xmlns:xsi="http://www.w3.org/2001/XMLSchema-instance" xsi:schemaLocation="http://www.loc.gov/MARC21/slim http://www.loc.gov/standards/marcxml/schema/MARC21slim.xsd" xmlns="http://www.loc.gov/MARC21/slim">
 <record>
  <leader>00000nmm a2200000 i 4500</leader>
  <controlfield tag="001">UP-100084294495512595</controlfield>
  <controlfield tag="003">Buklod</controlfield>
  <controlfield tag="005">20231019204817.0</controlfield>
  <controlfield tag="006">m||||fo||d| ||||||</controlfield>
  <controlfield tag="007">cr cn ||||||aa</controlfield>
  <controlfield tag="008">231019s2014    cau||||fo||d| ||||||engdd</controlfield>
  <datafield tag="020" ind1=" " ind2=" ">
   <subfield code="a">9781506374536 (eBook)</subfield>
  </datafield>
  <datafield tag="035" ind1=" " ind2=" ">
   <subfield code="a">(CaToSAGE)SAGE000002368</subfield>
  </datafield>
  <datafield tag="040" ind1=" " ind2=" ">
   <subfield code="a">CaToSAGE</subfield>
   <subfield code="d">DMLR</subfield>
   <subfield code="e">rda</subfield>
  </datafield>
  <datafield tag="041" ind1="0" ind2=" ">
   <subfield code="a">eng</subfield>
  </datafield>
  <datafield tag="042" ind1=" " ind2=" ">
   <subfield code="a">DMLUC</subfield>
  </datafield>
  <datafield tag="084" ind1=" " ind2=" ">
   <subfield code="a">LB 3051</subfield>
   <subfield code="b">F74 2014eb</subfield>
  </datafield>
  <datafield tag="100" ind1="1" ind2=" ">
   <subfield code="a">Frey, Bruce B.</subfield>
   <subfield code="e">author</subfield>
  </datafield>
  <datafield tag="245" ind1="1" ind2="0">
   <subfield code="a">Modern classroom assessment</subfield>
   <subfield code="h">[electronic resource]</subfield>
   <subfield code="c">Bruce B. Frey.</subfield>
  </datafield>
  <datafield tag="264" ind1=" " ind2="1">
   <subfield code="a">Los Angeles</subfield>
   <subfield code="b">SAGE</subfield>
   <subfield code="c">[2014]</subfield>
  </datafield>
  <datafield tag="300" ind1=" " ind2=" ">
   <subfield code="a">online resource (366 pages)</subfield>
   <subfield code="b">illustrations</subfield>
  </datafield>
  <datafield tag="336" ind1=" " ind2=" ">
   <subfield code="a">text</subfield>
   <subfield code="2">rdacontent</subfield>
  </datafield>
  <datafield tag="337" ind1=" " ind2=" ">
   <subfield code="a">computer</subfield>
   <subfield code="2">rdamedia</subfield>
  </datafield>
  <datafield tag="338" ind1=" " ind2=" ">
   <subfield code="a">online resource</subfield>
   <subfield code="2">rdacarrier</subfield>
  </datafield>
  <datafield tag="500" ind1=" " ind2=" ">
   <subfield code="a">Title from title screen (viewed October 19, 2023)</subfield>
  </datafield>
  <datafield tag="504" ind1=" " ind2=" ">
   <subfield code="a">Includes bibliographical references and index</subfield>
  </datafield>
  <datafield tag="505" ind1="0" ind2="0">
   <subfield code="a">Chapter 1. Modern classroom assessment -- Chapter 2. The language of classroom assessment -- Chapter 3. Basic assessment strategy: categories of learning, objectives, and backward design -- Chapter 4. Formative assessment -- Chapter 5. Summative assessment: traditional paper-and-pencil tests -- Chapter 6. Constructed-response items and scoring rubrics -- Chapter 7. Performance-based assessment -- Chapter 8. Authentic assessment -- Chapter 9. Universal test design -- Chapter 10. Test accommodations -- Chapter 11. Understanding scores from classroom assessments -- Chapter 12. Making the grade -- Chapter 13. Standardized tests</subfield>
  </datafield>
  <datafield tag="520" ind1=" " ind2=" ">
   <subfield code="a">Modern Classroom Assessment offers an applied, student-centered guide to the major research-based approaches to assessment in today's modern classroom. Rather than simply list basic assessment formats with a few examples, as many textbooks do, award-winning professor and scholar Bruce Frey's book fully explores all five key approaches for teacher-designed assessment--Traditional Paper-and-Pencil, Performance-Based Assessment, Formative Assessment, Universal Test Design, and Authentic Assessment --while making abstract concepts and guidelines clear with hundreds of real-world illustrations and examples of what actual teachers do. Offering a variety of engaging learning tools and realistic stories from the classroom, this text will give any reader a strong foundation for designing modern assessments in their own classrooms</subfield>
  </datafield>
  <datafield tag="588" ind1=" " ind2=" ">
   <subfield code="a">Description based on MARC record for print version</subfield>
  </datafield>
  <datafield tag="650" ind1=" " ind2="0">
   <subfield code="a">Educational tests and measurements</subfield>
   <subfield code="z">United States.</subfield>
  </datafield>
  <datafield tag="650" ind1=" " ind2="0">
   <subfield code="a">Educational tests and measurements</subfield>
   <subfield code="x">Standards</subfield>
   <subfield code="z">United States.</subfield>
  </datafield>
  <datafield tag="650" ind1=" " ind2="0">
   <subfield code="a">Educational tests and measurements</subfield>
   <subfield code="z">United States</subfield>
   <subfield code="x">Design and construction.</subfield>
  </datafield>
  <datafield tag="776" ind1="0" ind2="8">
   <subfield code="i">Print version</subfield>
   <subfield code="z">9781452203492 (paperback. : alkaline paper).</subfield>
  </datafield>
  <datafield tag="776" ind1="0" ind2="8">
   <subfield code="i">Print version</subfield>
   <subfield code="z">9781483310855 (web pdf).</subfield>
  </datafield>
  <datafield tag="776" ind1="0" ind2="8">
   <subfield code="i">Print version</subfield>
   <subfield code="z">9781483321288 (epub).</subfield>
  </datafield>
  <datafield tag="856" ind1="4" ind2="0">
   <subfield code="y">Available for UP Diliman via SAGE Knowledge</subfield>
   <subfield code="u">https://sk.sagepub.com/books/modern-classroom-assessment</subfield>
  </datafield>
  <datafield tag="905" ind1=" " ind2=" ">
   <subfield code="a">FO</subfield>
  </datafield>
  <datafield tag="852" ind1="0" ind2=" ">
   <subfield code="a">UPD</subfield>
   <subfield code="b">DMLR</subfield>
   <subfield code="h">LB 3051</subfield>
   <subfield code="i">F74 2014EB</subfield>
  </datafield>
  <datafield tag="942" ind1=" " ind2=" ">
   <subfield code="a">Electronic Resource</subfield>
  </datafield>
 </record>
</collection>
